000 00655nam a22001817a 4500
003 UA-OsUOA
001 14647
007 ta
008 20031014b un ||||| |||| 00| 0 ukr d
100 _aКолодяжний М.
942 _cSA
040 _aUA-OsUOA
_cUA-OsUOA
_dUA-OsUOA
245 _aШкола Юхима Фертюка [- одног з патріархів ліс. галузі , колишнього начальника упр. ліс. госп-ва нашої обл.]
300 _aС.2
955 _a0
773 0 _w0
_tВісті Рівненщини
_dРівне
_d2003
_g№83/8 жовт./
650 7 _aКраєзнавча робота
_2UDC
999 _c300811
_d300811